000 01171cam a2200241 4500
001 WB4025-22
008 040630n2004 000 0 eng u
035 _a(Sirsi) u126654
245 _aDiversification problems for farmers
260 _c2004
490 _aTFA Media Release
_v(MR17) 21 June 2004, (1)
520 _aThe Tenant Farmers Association highlights the problems faced by farm tenants when considering diversification. Business advisors frequently suggest this as an option for business development, but often tenants are limited by restrictions in their contracts. A TFA survey, reported that 53% of landlords would take a negative attitude to carrying out of non-agricultural activities on let land. The survey is available at http://www.defra.gov.uk/farm/tenancy/trig/fullrepo rt.pdf. http://www.tenant-farmers.org.uk/_code/common/item .asp?id=4032302
590 _aWB
590 _aWB
650 _aFARMING
650 _aFARM BUSINESS TENANCIES
650 _aDIVERSIFICATION
650 _aFARM TENANTS
650 _aTENANCY AGREEMENTS
650 _aAGRICULTURAL HOLDINGS ACT 1996
690 _aRURAL-FARM BUSINESS MANAGEMENT
942 _n0
999 _c117625
_d117625